Najmniejsza ludność w państwach świata - Statystyki

Ogólne statystyki
  • Ten quiz został rozwiązany 49 razy
  • Średni wynik to 25 z 39
Statystyki odpowiedzi
Ludność
Państwa
% Poprawnych
34 682 San Marino
98%
1000 Watykan
98%
85 560 Andora
80%
11 544 Tuvalu
80%
650 364 Luksemburg
78%
31 400 Monako
78%
100 969 Saint Vincent i Grenadyny
78%
79 906 Wyspy Marshalla
75%
74 629 Dominika
73%
114 189 Kiribati
73%
39 711 Liechtenstein
73%
167 122 Saint Lucia
73%
308 043 Vanautu
73%
302 674 Barbados
70%
21 695 Palau
70%
702 694 Wyspy Salomona
70%
206 179 Samoa
68%
105 517 Tonga
68%
217 164 Wyspy Świętego Tomasza i Książęca
68%
113 949 Grenada
65%
390 164 Malediwy
65%
464 186 Malta
65%
101 009 Mikronezja
65%
9811 Nauru
65%
97 017 Seszele
65%
100 335 Antigua i Barbuda
63%
943 737 Fidżi
63%
54 488 Saint Kitts i Nevis
63%
357 603 Islandia
58%
596 707 Republika Zielonego Przylądka
58%
876 437 Komory
55%
478 054 Brunei
53%
355 608 Bahamy
50%
412 387 Belize
45%
957 273 Dżibuti
45%
604 966 Czarnogóra
43%
867 775 Bhutan
40%
789 683 Gujana
35%
632 638 Surinam
33%
Nie znaleziono quizów pasujących do podanych kryteriów
Rozkład punktacji
Procent ludzi z każdym wynikiem
Percentyl według liczby udzielonych odpowiedzi
Twoja historia wyników
Nie rozwiązałeś tego quizu